Islands A-Z - Statistics

General Stats
  • This quiz has been taken 32 times
  • The average score is 19 of 26
Answer Stats
Hint Island % Correct
C) Largest island in the Caribbean Cuba
100%
A) Former prison in the middle ofSan Fran Bay Alcatraz
97%
B) Popular resort island in Indonesia Bali
97%
D) Roseau is the capital of this Caribbeannation Dominica
94%
G) Worlds largest island Greenland
91%
H) The Aloha state Hawaii
91%
K) Pacific island nation that spans 3 time zones Kiribati
88%
M) Valletta is the capital of this Mediterranean nation Malta
88%
N) Small island in Oceania, its capital is Yaren Nauru
88%
P) Its capital is Ngerulmud Palau
88%
V) Its capital is Port Vila Vanuatu
88%
I) The Emerald Isle Ireland
84%
J) Worlds most populated island Java
84%
F) Danish archipelago north of Scotland Faroe Islands
81%
T) Worlds least visited island nation Tuvalu
81%
L) Largest island in the Philippines Luzon
78%
O) Japanese island that played a crucial role in WW2for US troops Okinawa
78%
S) Island nation sometimes referred to as Indiasteardrop Sri Lanka
78%
Z) Island off the coast of Tanzania Zanzibar
78%
E) Canadas northernmost island and3rd largest Ellesmere
66%
X) Also called Amoy island, houses a megacity in southernChina Xiamen
53%
W) Small island off the coast of Portsmouth in SE England Wight
50%
Y) One of the 4 states of the Federated States of Micronesia Yap
38%
R) The largest of the Cook Island group Rarotonga
31%
U) Also known as Wallis island in Polynesia Uvea
13%
Q) Smallest of Kuwaits' 9 islands and rich in oil Qaruh
9%
No matching quizzes found
Score Distribution
Percent of People with Each Score
Percentile by Number Answered
Your Score History
You have not taken this quiz